000 01010nam a22003137a 4500
001 6514
003 FISKH
005 20250507124830.0
008 250507b cb ||||| |||| 00| 0 eng d
020 _a9780439099073
040 _aFISKH
_beng
_cFISKH
_dFISKH
050 _aPZ7.H4315 S
082 _a464
100 _aHerman, Gail
_d(1959-)
245 _aSlip! slide! skate! /
_cBy Gail Herman ; Illustrated by Paige Billin-Frye
250 _aThis edition first published in 1999
260 _aNew York :
_bScholastic,
_c1999
300 _a29 pages :
_bcolor illustrations ;
_c23 cm
490 _vLevel 2
505 _aG
520 _aA young girl who wants to be the best ice skater in the whole class learns that it is just as important to have fun.
521 8 _a390
_bLexile
521 8 _aG
_bRaz-Plus
650 _2Cause and effect
_aEarly reader
650 _2Beginning reader
_aSeasons - Winter
700 _aBillin-Frye, Paige
_dillustrator
942 _2ddc
_cBK
_n0
999 _c6514
_d6514